Столицы стран Африки - Statistics

General Stats
  • This quiz has been taken 301 times
  • The average score is 28 of 54
Answers on the Map
Answers color-coded by a green-red scale on the quiz's map according to % correct below.
 
Answer Stats
Country Capital % Correct
Алжир Алжир
100%
Египет Каир
100%
Тунис Тунис
97%
Ливия Триполи
85%
Южно-Африканская Республика Претория/Кейптаун/Блумфонтейн
82%
Мадагаскар Антананариву
77%
Марокко Рабат
77%
Эфиопия Аддис-Абеба
72%
Кения Найроби
72%
Нигерия Абуджа
72%
Сомали Могадишо
72%
Ангола Луанда
66%
Судан Хартум
66%
Джибути Джибути
64%
Чад Нджамена
62%
Демократическая Республика Конго Киншаса
62%
Республика Конго Браззавиль
62%
Гана Аккра
59%
Нигер Ниамей
56%
Сенегал Дакар
56%
Замбия Лусака
56%
Мавритания Нуакшот
54%
Танзания Додома
52%
Зимбабве Хараре
52%
Либерия Монровия
51%
Сан-Томе и Принсипи Сан-Томе
51%
Южный Судан Джуба
51%
Эритрея Асмэра
49%
Гвинея-Бисау Бисау
49%
Намибия Виндхук
48%
Буркина-Фасо Уагадугу
46%
Камерун Яунде
46%
Центральноафриканская Республика Банги
46%
Мозамбик Мапуту
44%
Мали Бамако
43%
Сейшелы Виктория
43%
Того Ломе
41%
Уганда Кампала
41%
Ботсвана Габороне
39%
Бенин Порто-Ново/Котону
38%
Кот-д'Ивуар Ямусукро
36%
Габон Либревиль
36%
Сьерра-Леоне Фритаун
36%
Эсватини Мбабане
36%
Гамбия Банжул
34%
Руанда Кигали
34%
Кабо-Верде Прая
33%
Гвинея Конакри
31%
Лесото Масеру
31%
Бурунди Гитега
30%
Экваториальная Гвинея Малабо
26%
Малави Лилонгве
26%
Маврикий Порт-Луи
25%
Коморы Морони
23%
No matching quizzes found
Score Distribution
Percent of People with Each Score
Percentile by Number Answered
Your Score History
You have not taken this quiz